| 000 | 02564cam a2200373 i 4500 | ||
|---|---|---|---|
| 001 | 991061720913806706 | ||
| 003 | ES-BaIT | ||
| 005 | 20260219121439.0 | ||
| 008 | 260219e202401 fr a r 000 d fre c | ||
| 020 | _a9782749816265 | ||
| 040 |
_aES-BaIT _bcat _erda _cES-BaIT |
||
| 041 | 1 |
_afre _heng |
|
| 080 | _a820-2"15" | ||
| 100 | 1 |
_aShakespeare, William, _d1564-1616 _eautor _946413 |
|
| 240 | 1 |
_aMidsummer night's dream. _lFrancès _9168542 |
|
| 245 | 1 | 3 |
_aLe Songe d'une nuit d'été / _cWilliam Shakespeare ; traduction de François Regnault ; version scénique d'Emmanuel Demarey-Mota |
| 264 | 1 |
_aParis : _bL'avant-scène théatre, _cjanvier 2024 |
|
| 300 |
_a84 pàgines, 7 pàginas de làmines sense numerar, 7 pàgines sense numerar, 8 fulls de làmines sense numerar : _bil·lustracions ; _c21 cm |
||
| 336 |
_atext _btxt _2rdacontent |
||
| 336 |
_aimatge fixa _bsti _2rdacontent |
||
| 337 |
_asense mediació _bn _2rdamedia |
||
| 338 |
_avolum _bnc _2rdacarrier |
||
| 490 | 1 |
_aAvant-scène théâtre ; _vno 1552 |
|
| 500 | _aP20: D7, H13 | ||
| 500 | _aPublicat com no 1552 (janvier 2024) de la revista L'Avant-scène théâtre | ||
| 500 | _aEstrena Théâtre de la Ville-Sarah Bernhardt, el 16 de gener de 2024 | ||
| 520 | _a"Une nuit, près d'Athènes, deux amants contrariés décident de s'enfuir. Les bois semblent propicies à abriter leur fugue. C'était sans compter l'intrusion de fées, de sortilèges et de quiproquos divers... Faut-il de l'audace, de la folie et de la poésie, un amour immodéré de la langue ou un peu de tout cela à la fois, pour traduire, mettre en scène et jouer cette uvre culte de Shakespeare? Éditée il y a plus de quattre siècles, adaptée autant à l'opéra qu'au cinéma, Le Songe d'une nuit d'été n'en finit pas de fasciner les artistes comme le public, et les noms de Puck, Titania, Obéron, Lysandre ou Hermia, continuent de résonner à travers les âges. Cette nouvelle traduction de François Regnault révèle toute la féérie, la tragi-drôlerie et la modernité de la pièce, orchestrées avec brio dans le mise en secène d'Emmanuel Demarcy-Mota. Comme pour magnifier ces quelques lignes : De tout ce que j'ai jamais pu lire, le cours de l'amour vrai ne fut jamais tranquille. Le cours du théâtre non plus..."-- Contracoberta | ||
| 700 | 1 |
_aRegnault, François, _d1938- _etraductor _9168543 |
|
| 700 | 1 |
_aDemarcy-Mota, Emmanuel, _d1970- _edirector d'escena _9168544 |
|
| 830 |
_aAvant-scène. _pThéâtre _vno 1552 _9168170 |
||
| 908 | _aCDMAE | ||
| 940 | _aCDMAE | ||
| 942 |
_2udc _c1 |
||
| 999 |
_c137088 _d137088 |
||